[Event "68th Warsaw-ch-A 2019"]
[Site "Warsaw"]
[Date "2019.11.17"]
[Round "6.5"]
[White "Wiech, Grzegorz"]
[Black "Sliwerski, Radoslaw"]
[Result "1/2-1/2"]
[WhiteElo "2219"]
[BlackElo "2091"]
[Annotator "TA"]
[PlyCount "105"]
[EventDate "2019.11.14"]
[EventType "swiss"]
[EventCountry "POL"]
[SourceTitle "playchess.com"]
[Source "ChessBase"]
[SourceQuality "1"]

{[%evp 13,105,0,0,-14,27,0,0,-15,-13,-20,-20,-18,-22,-20,-15,-21,0,-14,-18,-22,-25,-15,-3,-3,0,-13,0,0,-2,-6,0,-12,0,-2,0,0,0,0,0,0,0,-6,0,0,0,0,0,0,6,0,23,0,0,0,0,0,0,0,0,0,0,0,0,0,0,0,435,384,441,0,0,0,0,0,0,0,0,0,0,0,0,0,0,0,0,0,0,0,0,0,0,0,0,0]} 1. e4 c5 2. Nf3 d6 3. d4 cxd4 4. Nxd4 Nf6 5. Nc3 a6 6. Bg5 e6 7. Qe2 Be7 8. O-O-O {B95: Sicilian Najdorf: 6 Bg5 e6, unusual White 7th moves} (8. f4 h6 9. Bxf6 Bxf6 10. O-O-O Qc7 11. Qd2 Bd7 12. Kb1 b5 13. g4 b4 14. Nce2 Nc6 15. Nf3 Be7 16. h4 a5 {½-½ (48) Jobava,B (2669)-Yilmaz,M (2622) Izmir 2016}) 8... h6 (8... Nxe4 $5 9. Bxe7 (9. Nxe4 Bxg5+ 10. Nxg5 Qxg5+ 11. Kb1 O-O $15) 9... Nxc3 10. Bxd8 Nxe2+ 11. Nxe2 Kxd8 $11) 9. Bh4 (9. Be3 {keeps more tension.} Nc6 10. g4 Qc7 11. f3 d5 12. exd5 Nxd5 13. Nxd5 exd5 14. Qd2) 9... Nxe4 10. Bxe7 (10. Nxe4 {is more complex.} Bxh4 11. Nxe6 Bxe6 12. Nxd6+ Kf8 13. Nxf7 Bg5+ 14. f4) 10... Nxc3 11. Bxd8 Nxe2+ 12. Nxe2 Kxd8 13. Rxd6+ Ke7 14. Rd2 {[#]} b6 $146 ({Predecessor:} 14... b5 15. g3 Bb7 {½-½ (43) Voekler,B (2382)-Navara,D (2567) Germany 2003}) 15. h4 Bb7 16. Rh3 Nd7 17. Nc3 Rac8 18. Rhd3 Rc7 19. f3 Rhc8 20. Rd4 Nf6 21. Rb4 Rc6 22. Bd3 Rd6 23. Ne4 Nxe4 24. Bxe4 Bxe4 25. Rxe4 Rcd8 26. Rxd6 Rxd6 $11 {[%mdl 4096] Endgame KR-KR} 27. Ra4 b5 28. Ra5 f5 29. a4 bxa4 30. Rxa4 e5 31. c4 g5 32. c5 Rc6 33. b4 Ke6 34. Kd2 Kd5 35. Kc3 e4 36. fxe4+ fxe4 37. hxg5 hxg5 38. Ra1 Re6 39. Rd1+ Kc6 $2 {[%mdl 8192] [#]} (39... Ke5 $1 $11) 40. Kd4 $1 $18 Kb5 {[#]} 41. Ke3 $2 (41. Re1 $1 $18 {[%cal Re1e4]} Rh6 42. Rxe4) 41... Kxb4 $11 {The position is equal.} 42. Rd6 Re5 43. Rxa6 Kxc5 44. Ra4 Kd5 45. Rd4+ Ke6 46. Rxe4 Kd5 47. Rxe5+ Kxe5 {KP-KP} 48. Kf3 Kf5 49. Kg3 g4 50. Kh4 Kf4 51. Kh5 Kg3 52. Kg5 Kxg2 {( -> ...Kf3)} 53. Kxg4 {Accuracy: White = 65%, Black = 62%.} 1/2-1/2

[Event "68th Warsaw-ch-A 2019"]
[Site "Warsaw"]
[Date "2019.11.17"]
[Round "6.6"]
[White "Mickiewicz, Piotr"]
[Black "Jakubowska, Anna"]
[Result "0-1"]
[WhiteElo "2216"]
[BlackElo "2112"]
[Annotator "TA"]
[PlyCount "80"]
[EventDate "2019.11.14"]
[EventType "swiss"]
[EventCountry "POL"]
[SourceTitle "playchess.com"]
[Source "ChessBase"]
[SourceQuality "1"]

{[%evp 14,80,-4,-5,-14,-17,-20,-35,-31,-31,-25,-37,-38,-37,55,53,56,-56,-37,-25,3,11,57,58,128,110,175,172,166,164,253,0,0,-368,-364,-431,-423,-423,-413,-529,-516,-515,-511,-465,-445,-447,-460,-452,-448,-549,-468,-601,-614,-654,-649,-646,-636,-809,-648,-839,-839,-850,-686,-955,-944,-885,-854,-5681,-1134]} 1. e4 c6 2. Nc3 d5 3. Nf3 Bg4 4. h3 Bxf3 5. Qxf3 Nf6 6. d3 e6 7. g3 Bb4 8. Bd2 Qb6 {B11: Caro-Kann: Two Knights Variation} 9. Qe2 $146 ({Predecessor:} 9. a3 Bxc3 10. Bxc3 d4 11. Bd2 Qxb2 12. Qd1 Qb6 13. Bg2 O-O 14. f4 Nbd7 15. O-O e5 16. f5 {½-½ (36) Antipov,M (2550)-Kuzubov,Y (2629) Monzon 2016}) 9... Bxc3 10. Bxc3 d4 {Black is slightly better.} 11. Bd2 Qxb2 12. Qd1 $1 Qa3 13. Bg2 a5 ({Black should try} 13... e5 $15) 14. e5 $1 $14 {[%cal Re5f6][%mdl 1024] White has compensation.} Nfd7 15. O-O (15. Qg4 $1 $14) 15... Qc5 16. Rb1 b6 17. Qg4 g6 18. Bh6 Qxe5 (18... b5 $14) 19. Rfe1 $16 Qf6 (19... Qd6 $16 {was worth a try.}) 20. Bg5 $18 Qf5 21. Qxd4 f6 (21... O-O $142) 22. Qd6 $2 {[#]} (22. Bf4 $18 {Hoping for Bxb8.} e5 23. Qc4) 22... fxg5 $11 23. Bxc6 $2 {[%mdl 8192]} (23. Rxe6+ $11 {and White has nothing to worry.} Kd8 24. Qe7+ Kc7 25. Qd6+ {[%mdl 64] Double Attack} Kd8 26. Qe7+ Kc7 27. Qd6+ {[%mdl 64] Double Attack} Kd8) 23... Nxc6 $19 24. Qxc6 Ke7 25. g4 Qf6 26. d4 Rac8 {Black is clearly winning.} 27. Qe4 Rhf8 28. Re2 Kf7 29. Rb3 {[#] Black must now prevent Rf3.} Kg7 30. Rbe3 Rf7 31. Qb7 Re8 32. Qc6 Qxd4 33. Rd3 Qa1+ 34. Kg2 Ree7 35. c3 Qb1 36. Rde3 Nc5 37. Qd6 h6 38. Qe5+ Kh7 39. Rd2 Rd7 40. Rde2 Nd3 {Accuracy: White = 62%, Black = 54%.} 0-1

[Event "68th Warsaw-ch-A 2019"]
[Site "Warsaw"]
[Date "2019.11.17"]
[Round "6.7"]
[White "Kaminski, Jan"]
[Black "Janeczko, Jakub"]
[Result "1-0"]
[WhiteElo "2024"]
[BlackElo "1839"]
[Annotator "NA RC"]
[PlyCount "95"]
[EventDate "2019.11.14"]
[EventType "swiss"]
[EventCountry "POL"]
[SourceTitle "playchess.com"]
[Source "ChessBase"]
[SourceQuality "1"]
[TimeControl "5400+30"]

1. e4 {[%emt 0:11:09]} c5 {[%emt 0:00:00]} 2. Nf3 {[%emt 0:00:05]} Nc6 {[%emt 0:00:00]} 3. d4 {[%emt 0:00:08]} cxd4 {[%emt 0:00:00]} 4. Nxd4 {[%emt 0:00:04]} Nf6 {[%emt 0:00:00]} 5. Nc3 {[%emt 0:00:09]} e5 {[%emt 0:00:00]} 6. Ndb5 {[%emt 0:00:07]} d6 {[%emt 0:00:05]} 7. Bg5 {[%emt 0:00:10]} a6 {[%emt 0:00:04]} 8. Bxf6 {[%emt 0:00:04]} gxf6 {[%emt 0:00:18]} 9. Na3 {[%emt 0:00:03]} b5 {[%emt 0:00:08]} 10. Nd5 {[%emt 0:00:11]} f5 {[%emt 0:00:06]} 11. Bd3 {[%emt 0:00:10]} Be6 {[%emt 0:00:02]} 12. Qh5 {[%emt 0:04:31]} Bg7 {[%emt 0:03:54]} 13. c3 {[%emt 0:00:38]} h6 {[%emt 0:01:13] B33: Sicilian: Pelikan and Sveshnikov Variations} (13... O-O 14. exf5 Bxd5 15. f6 e4 16. fxg7 Re8 17. Be2 Ne5 18. O-O Qf6 19. Rfd1 Nd3 20. Bxd3 Re5 21. Qh3 exd3 22. Rxd3 Rae8 23. Nc2 Re2 24. Qg3 Be4 {0-1 (59) Volokitin,A (2649)-Oleksienko,M (2615) Rivne 2016}) 14. Nc2 {[%emt 0:01:13]} O-O {[%emt 0:10:37]} 15. O-O {[%emt 0:01:29]} fxe4 {[%emt 0:04:36]} 16. Bxe4 {[%emt 0:00:22]} f5 {[%emt 0:00:42] [#]} 17. Qg6 {[%emt 0:02:44]} (17. Nf4 $1 $16 {[%cal Rf4e6][%mdl 512]} exf4 18. Bxc6) 17... Qe8 $146 {[%emt 0:18:01]} ({Predecessor:} 17... Bd7 18. Bd3 e4 19. Be2 Be8 20. Qg3 {½-½ (20) Melchor Munoz,A-Brunet Martinez,J Barcelona 2001}) 18. Qxe8 {[%emt 0:00:49]} Raxe8 {[%emt 0:00:46]} 19. Nf6+ {[%emt 0:00:21]} Bxf6 {[%emt 0:01:37]} 20. Bxc6 {[%emt 0:00:05]} Rc8 {[%emt 0:03:12]} 21. Bb7 {[%emt 0:03:06]} Rb8 {[%emt 0:02:06]} 22. Bxa6 {[%emt 0:00:55]} Rb6 {[%emt 0:00:10]} 23. Nb4 {[%emt 0:00:10]} Ra8 {[%emt 0:01:57]} 24. a4 {[%emt 0:00:22]} Rbxa6 {[%emt 0:06:52]} 25. Nxa6 {[%emt 0:00:02]} Rxa6 {[%emt 0:00:00]} 26. axb5 {[%emt 0:00:14]} Rb6 {[%emt 0:02:32]} 27. Ra6 {[%emt 0:01:05]} Rxb5 {[%emt 0:04:44]} 28. Rxd6 {[%emt 0:00:09]} Kf7 {[%emt 0:00:07]} 29. b4 {[%emt 0:00:27]} e4 {[%emt 0:01:07]} 30. Rc6 {[%emt 0:00:47]} Ke7 {[%emt 0:03:12]} 31. Ra1 {[%emt 0:00:42]} Bd7 {[%emt 0:03:33]} 32. Ra7 {[%emt 0:03:15]} Rd5 {[%emt 0:00:05]} 33. g3 {[%emt 0:00:33]} Rd3 {[%emt 0:04:22]} 34. b5 {[%emt 0:01:47]} Rd6 {[%emt 0:09:29]} 35. Rxd6 {[%emt 0:02:08]} Kxd6 {[%emt 0:00:02]} 36. Ra6+ {[%emt 0:00:11]} Ke7 $18 {[%emt 0:00:34]} 37. b6 {[%emt 0:00:43]} Bb5 {[%emt 0:01:28]} 38. b7 {[%emt 0:00:35]} Bxa6 {[%emt 0:00:26]} 39. b8=Q {[%emt 0:00:07]} Bd3 {[%emt 0:00:08]} 40. c4 {[%emt 0:00:27]} Ke6 {[%emt 0:01:16]} 41. c5 {[%emt 0:00:19]} Be5 {[%emt 0:00:10]} 42. Qc8+ {[%emt 0:00:22]} Kd5 {[%emt 0:00:13]} 43. Qxf5 {[%emt 0:00:16]} Kd4 {[%emt 0:00:26]} 44. c6 {[%emt 0:00:22]} e3 {[%emt 0:00:30]} 45. fxe3+ {[%emt 0:00:06]} Kxe3 {[%emt 0:00:29]} 46. Qxe5+ {[%emt 0:00:09]} Kd2 {[%emt 0:00:05]} 47. c7 {[%emt 0:00:25]} Ba6 {[%emt 0:00:18]} 48. Qd6+ {[%emt 0:00:08]} 1-0

[Event "68th Warsaw-ch-A 2019"]
[Site "Warsaw"]
[Date "2019.11.17"]
[Round "6.8"]
[White "Cyra, Dariusz"]
[Black "Liberadzki, Slawomir"]
[Result "1-0"]
[WhiteElo "1818"]
[BlackElo "1999"]
[Annotator "NA RC"]
[PlyCount "139"]
[EventDate "2019.11.14"]
[EventType "swiss"]
[EventCountry "POL"]
[SourceTitle "playchess.com"]
[Source "ChessBase"]
[SourceQuality "1"]
[TimeControl "5400+30"]

1. d4 {[%emt 0:00:00]} d5 {[%emt 0:13:12]} 2. Bf4 {[%emt 0:00:16]} Nf6 {[%emt 0:00:57]} 3. e3 {[%emt 0:00:09]} Bf5 {[%emt 0:02:23]} 4. c4 {[%emt 0:01:14]} c6 {[%emt 0:00:37]} 5. Nc3 {[%emt 0:00:29]} e6 {[%emt 0:01:25]} 6. Qb3 {[%emt 0:01:24] D10: Slav Defence: 3 cxd5 (without early Nf3) and 3 Nc3} (6. Nf3 Nbd7 7. Be2 Be7 8. h3 h6 9. O-O O-O 10. a3 a6 11. Rc1 Ne4 12. Qb3 Qb6 13. Qa2 Rac8 14. Rfd1 Rfd8 15. b4 dxc4 16. Nxe4 Bxe4 17. Nd2 Bd3 18. Nxc4 Bxc4 19. Rxc4 {1-0 (59) Laznicka,V (2647)-Short,N (2678) Riadh 2017}) 6... Qb6 {[%emt 0:03:48]} 7. c5 {[%emt 0:00:53]} Qxb3 {[%emt 0:00:18]} 8. axb3 {[%emt 0:00:02]} Nfd7 {[%emt 0:14:12]} 9. b4 {[%emt 0:03:09]} f6 {[%emt 0:01:05]} 10. Nf3 {[%emt 0:07:16]} g5 {[%emt 0:04:05]} 11. Bc7 $146 {[%emt 0:01:25]} ({Predecessor:} 11. Bg3 h5 12. h3 Kf7 {1-0 (39) Londyn,R (2422)-Cap,A (2288) Czech Republic 2017}) 11... Be7 {[%emt 0:02:56]} 12. b5 {[%emt 0:15:19]} Bd8 {[%emt 0:01:21]} 13. Bd6 {[%emt 0:02:02]} Be7 {[%emt 0:00:38]} 14. Bc7 {[%emt 0:00:10]} Bd8 {[%emt 0:00:07]} 15. b6 {[%emt 0:13:26]} a6 $2 {[%emt 0:04:38]} (15... Na6 $1 $14) 16. b4 {[%emt 0:01:15]} O-O {[%emt 0:05:23]} 17. Nd2 {[%emt 0:02:05]} Re8 {[%emt 0:07:55]} 18. Nb3 {[%emt 0:00:28]} e5 {[%emt 0:10:39]} 19. Kd2 {[%emt 0:03:24]} Nf8 {[%emt 0:01:16]} 20. Na5 {[%emt 0:00:25]} Bc8 {[%emt 0:01:23]} 21. Bd6 {[%emt 0:10:25]} Nbd7 {[%emt 0:06:57]} 22. Be2 {[%emt 0:01:00]} Be7 {[%emt 0:04:57]} 23. Bc7 {[%emt 0:01:22]} Bd8 {[%emt 0:00:37]} 24. Bxd8 {[%emt 0:02:28]} Rxd8 {[%emt 0:00:06]} 25. Bg4 {[%emt 0:02:48]} Re8 {[%emt 0:00:10]} 26. Bh5 {[%emt 0:05:45]} Re7 {[%emt 0:00:19]} 27. b5 {[%emt 0:02:16]} Nb8 {[%emt 0:06:41]} 28. bxc6 {[%emt 0:05:09]} bxc6 {[%emt 0:00:01]} 29. Bf3 {[%emt 0:01:40]} e4 {[%emt 0:02:06]} 30. Be2 {[%emt 0:00:02]} f5 {[%emt 0:01:15]} 31. f3 {[%emt 0:00:58]} Ne6 {[%emt 0:01:16]} 32. fxe4 {[%emt 0:00:25]} fxe4 {[%emt 0:00:21]} 33. Bg4 {[%emt 0:01:34]} Bd7 {[%emt 0:00:01]} 34. h3 {[%emt 0:02:01]} Nd8 {[%emt 0:01:11]} 35. Be2 {[%emt 0:01:20]} Bc8 {[%emt 0:00:23]} 36. Na2 {[%emt 0:00:54]} Nb7 {[%emt 0:00:22]} 37. Nb4 {[%emt 0:00:04]} Nxa5 {[%emt 0:00:36]} 38. Rxa5 {[%emt 0:00:02]} Rf7 {[%emt 0:00:32]} 39. Rf1 {[%emt 0:09:44]} Rxf1 {[%emt 0:00:08]} 40. Bxf1 {[%emt 0:00:01]} Kf7 {[%emt 0:00:35]} 41. Be2 {[%emt 0:00:35]} Kg6 {[%emt 0:00:12]} 42. Bg4 {[%emt 0:00:58]} Bxg4 {[%emt 0:01:02]} 43. hxg4 {[%emt 0:00:02]} h5 {[%emt 0:01:17]} 44. gxh5+ {[%emt 0:01:11]} Kxh5 {[%emt 0:00:01]} 45. Ke2 {[%emt 0:00:24]} Kh4 {[%emt 0:00:27]} 46. Kf2 {[%emt 0:00:25]} g4 {[%emt 0:00:11]} 47. Kg1 {[%emt 0:01:56]} Kg3 {[%emt 0:00:40]} 48. Na2 {[%emt 0:00:24]} Nd7 {[%emt 0:00:51]} 49. Nc3 {[%emt 0:00:19]} Kh4 {[%emt 0:00:52]} 50. Ne2 {[%emt 0:00:17]} g3 {[%emt 0:00:31]} 51. Nf4 {[%emt 0:00:22]} Nf6 {[%emt 0:01:07]} 52. Kf1 {[%emt 0:00:19]} Ng4 {[%emt 0:00:48]} 53. Ke2 {[%emt 0:00:02]} Nf2 {[%emt 0:00:41]} 54. Ng6+ {[%emt 0:00:37]} Kg5 {[%emt 0:00:43]} 55. Ne5 {[%emt 0:00:18]} Nd3 {[%emt 0:00:37]} 56. Nxc6 {[%emt 0:01:21]} Rf8 {[%emt 0:00:06]} 57. Kd2 {[%emt 0:01:24]} Rf2+ {[%emt 0:00:28]} 58. Kc3 {[%emt 0:00:02]} Rxg2 {[%emt 0:00:59]} 59. b7 {[%emt 0:00:32]} Rb2 {[%emt 0:00:28]} 60. b8=Q {[%emt 0:00:13]} Rxb8 {[%emt 0:00:05]} 61. Nxb8 {[%emt 0:00:02]} g2 {[%emt 0:00:56]} 62. Ra1 {[%emt 0:00:21]} Nf2 {[%emt 0:00:35]} 63. Rg1 {[%emt 0:00:28]} Kg4 {[%emt 0:00:22]} 64. Rxg2+ {[%emt 0:00:08]} Kf3 {[%emt 0:00:04]} 65. Rxf2+ {[%emt 0:00:20]} Kxf2 {[%emt 0:00:04]} 66. Kd2 {[%emt 0:00:13]} a5 {[%emt 0:00:14]} 67. c6 {[%emt 0:00:01]} a4 {[%emt 0:00:27]} 68. c7 {[%emt 0:00:02]} a3 {[%emt 0:00:15]} 69. c8=Q {[%emt 0:00:10]} a2 {[%emt 0:00:06]} 70. Qa6 {[%emt 0:00:12]} 1-0

[Event "68th Warsaw-ch-A 2019"]
[Site "Warsaw"]
[Date "2019.11.17"]
[Round "6.9"]
[White "Grochowski, Kosma"]
[Black "Sadowski, Miroslaw"]
[Result "0-1"]
[WhiteElo "1920"]
[BlackElo "1998"]
[Annotator "NA RC"]
[PlyCount "62"]
[EventDate "2019.11.14"]
[EventType "swiss"]
[EventCountry "POL"]
[SourceTitle "playchess.com"]
[Source "ChessBase"]
[SourceQuality "1"]
[TimeControl "5400+30"]

1. e4 {[%emt 0:07:27]} g6 {[%emt 0:00:00]} 2. d4 {[%emt 0:00:52]} Bg7 {[%emt 0:00:00]} 3. Nf3 {[%emt 0:00:32]} c6 {[%emt 0:03:22]} 4. c4 {[%emt 0:04:13]} d6 {[%emt 0:05:08]} 5. h3 {[%emt 0:00:33]} Nf6 {[%emt 0:01:03]} 6. Nc3 {[%emt 0:00:12]} O-O {[%emt 0:00:34]} 7. Bg5 {[%emt 0:04:19]} Qa5 {[%emt 0:06:05]} 8. Qd2 {[%emt 0:06:53]} Nbd7 {[%emt 0:00:14]} 9. Be2 {[%emt 0:04:25]} Re8 {[%emt 0:00:19]} 10. b4 {[%emt 0:09:34]} Qxb4 {[%emt 0:01:26]} 11. e5 {[%emt 0:00:18]} dxe5 {[%emt 0:00:18]} 12. dxe5 {[%emt 0:00:33]} Nh5 {[%emt 0:02:10]} 13. Rb1 {[%emt 0:06:32]} Qa5 {[%emt 0:01:22]} 14. Ne4 $19 {[%emt 0:19:53]} Qxd2+ {[%emt 0:01:39]} 15. Nfxd2 {[%emt 0:02:40]} Nxe5 {[%emt 0:00:58]} 16. f4 {[%emt 0:01:29]} Nd7 {[%emt 0:00:29]} 17. O-O {[%emt 0:02:16]} Nhf6 {[%emt 0:06:49]} 18. Bf3 {[%emt 0:01:52]} Nxe4 {[%emt 0:06:01]} 19. Nxe4 {[%emt 0:00:03]} f5 {[%emt 0:01:44]} 20. Nd2 {[%emt 0:01:51]} e5 {[%emt 0:01:55]} 21. fxe5 {[%emt 0:01:47]} Nxe5 {[%emt 0:00:15]} 22. Rfe1 {[%emt 0:00:36]} Kf8 {[%emt 0:03:41]} 23. Be2 {[%emt 0:01:07]} b6 {[%emt 0:03:26]} 24. a4 {[%emt 0:00:32]} Nf7 {[%emt 0:05:06]} 25. Bh4 {[%emt 0:06:23]} Bc3 {[%emt 0:01:08]} 26. Rbd1 {[%emt 0:00:03]} Bb7 {[%emt 0:02:01]} 27. Bf3 {[%emt 0:00:48]} Rxe1+ {[%emt 0:02:01]} 28. Bxe1 {[%emt 0:00:04]} Rd8 {[%emt 0:00:17]} 29. Kf2 {[%emt 0:01:14]} Ne5 {[%emt 0:01:50]} 30. Nb3 {[%emt 0:03:13]} Rxd1 {[%emt 0:05:20]} 31. Bxd1 {[%emt 0:00:00]} Nd3+ {[%emt 0:00:00]} 0-1

[Event "68th Warsaw-ch-A 2019"]
[Site "Warsaw"]
[Date "2019.11.17"]
[Round "6.10"]
[White "Poniewierski, Piotr"]
[Black "Urbaniak, Karol"]
[Result "1-0"]
[WhiteElo "1858"]
[BlackElo "1812"]
[Annotator "NA RC"]
[PlyCount "137"]
[EventDate "2019.11.14"]
[EventType "swiss"]
[EventCountry "POL"]
[SourceTitle "playchess.com"]
[Source "ChessBase"]
[SourceQuality "1"]
[TimeControl "5400+30"]

1. Nf3 {[%emt 0:00:00]} g6 {[%emt 0:08:00]} 2. g3 {[%emt 0:00:20]} f5 {[%emt 0:00:45]} (2... Bg7 3. Bg2 d6 4. d4 Bd7 5. O-O Qc8 6. c4 Nc6 7. Nc3 Bh3 8. e3 h5 9. Ne4 h4 10. Nxh4 Bf6 11. Nxf6+ Nxf6 12. f4 Bxg2 13. Kxg2 {0-1 (33) Hou,Y (2658)-Nakamura,H (2777) chess.com INT 2018}) 3. d4 {[%emt 0:00:15]} Bg7 {[%emt 0:00:12]} 4. c3 {[%emt 0:00:29]} Nf6 {[%emt 0:00:07]} 5. Qb3 {[%emt 0:00:15]} d5 {[%emt 0:01:16]} 6. Bg2 {[%emt 0:02:30] A04: Unusual lines after 1 Nf3 and King's Indian Attack} O-O {[%emt 0:02:45]} 7. O-O {[%emt 0:00:13]} c6 {[%emt 0:00:50]} 8. Bf4 {[%emt 0:04:28]} Nbd7 {[%emt 0:02:04]} 9. Na3 $146 {[%emt 0:07:37]} ({Predecessor:} 9. Nbd2 h6 10. Be5 g5 11. c4 {1-0 (43) Guerra Bastida,D (2273)-Touzane,O (2348) Linares 2000}) 9... Nh5 {[%emt 0:04:10]} 10. Bd2 {[%emt 0:04:36]} Kh8 {[%emt 0:03:33]} 11. c4 {[%emt 0:03:19]} e6 {[%emt 0:00:21]} 12. Ng5 {[%emt 0:06:39]} Qf6 {[%emt 0:03:02]} 13. cxd5 {[%emt 0:05:44]} exd5 {[%emt 0:01:16]} 14. Nf3 {[%emt 0:03:51]} Nb6 {[%emt 0:02:57]} 15. Ba5 {[%emt 0:02:13]} Nc4 {[%emt 0:03:55]} 16. Nxc4 {[%emt 0:01:41]} dxc4 {[%emt 0:00:10]} 17. Qxc4 {[%emt 0:01:05]} Be6 {[%emt 0:00:06]} 18. Qc2 {[%emt 0:05:08]} f4 {[%emt 0:03:21]} 19. Bc7 {[%emt 0:02:33]} Bf5 {[%emt 0:01:44]} 20. Qb3 {[%emt 0:02:22]} Qe7 {[%emt 0:02:57]} 21. Be5 {[%emt 0:00:57]} fxg3 {[%emt 0:01:17]} 22. Bxg7+ {[%emt 0:01:15]} Nxg7 {[%emt 0:00:59]} 23. hxg3 {[%emt 0:00:22]} Qxe2 {[%emt 0:02:07]} 24. Qxb7 {[%emt 0:03:51]} Rab8 {[%emt 0:01:09]} 25. Qxa7 {[%emt 0:02:04]} Rxb2 {[%emt 0:01:47]} 26. Rae1 {[%emt 0:04:16]} Qc2 {[%emt 0:03:25]} 27. Rc1 {[%emt 0:06:17]} Qe2 {[%emt 0:02:13]} 28. Qc5 {[%emt 0:06:05]} Ne6 {[%emt 0:09:40]} 29. Qe7 {[%emt 0:05:06]} Kg8 {[%emt 0:07:01]} 30. Rce1 {[%emt 0:03:08]} Qc4 {[%emt 0:00:34]} 31. d5 {[%emt 0:02:20]} Rf7 {[%emt 0:07:34]} 32. Qe8+ {[%emt 0:00:24]} Rf8 {[%emt 0:00:06]} 33. Qxc6 {[%emt 0:00:43]} Qxc6 {[%emt 0:00:22]} 34. dxc6 {[%emt 0:00:08]} Nc5 {[%emt 0:01:22]} 35. Re7 {[%emt 0:02:13]} Be4 {[%emt 0:06:09]} 36. Re5 {[%emt 0:01:40]} Bxf3 {[%emt 0:00:44]} 37. Rxc5 {[%emt 0:01:39]} Bxg2 {[%emt 0:00:40]} 38. Kxg2 {[%emt 0:00:09]} Rxa2 {[%emt 0:02:13]} 39. c7 {[%emt 0:00:31]} Raa8 {[%emt 0:00:34]} 40. Rd1 {[%emt 0:00:19]} Kg7 {[%emt 0:04:13]} 41. Rd7+ {[%emt 0:01:23]} Kh6 {[%emt 0:00:07]} 42. Rcd5 {[%emt 0:01:40]} Ra2 {[%emt 0:03:55]} 43. Rd8 {[%emt 0:02:14]} Rfxf2+ {[%emt 0:01:00]} 44. Kh3 {[%emt 0:00:29]} Rh2+ {[%emt 0:00:20]} 45. Kg4 {[%emt 0:00:07]} Ra4+ {[%emt 0:00:23]} 46. Kf3 {[%emt 0:00:39]} Ra3+ {[%emt 0:00:20]} 47. Ke4 {[%emt 0:04:09]} Re2+ {[%emt 0:00:44]} 48. Kd4 {[%emt 0:01:20]} Rd2+ {[%emt 0:00:19]} 49. Ke5 {[%emt 0:01:21]} Re2+ {[%emt 0:01:23]} 50. Kd6 {[%emt 0:00:10]} Ra6+ {[%emt 0:00:09]} 51. Kd7 {[%emt 0:00:39]} Ra7 {[%emt 0:00:03]} 52. Rd6 {[%emt 0:01:23]} Kg7 {[%emt 0:01:34]} 53. Rb8 {[%emt 0:00:43]} Kf7 $18 {[%emt 0:00:34]} 54. Rh8 {[%emt 0:00:43]} Kg7 {[%emt 0:02:42]} 55. Rb8 {[%emt 0:00:13]} Kf7 {[%emt 0:00:35]} 56. Kc8 {[%emt 0:00:21]} h5 {[%emt 0:03:35]} 57. Rb3 {[%emt 0:00:39]} Re8+ {[%emt 0:00:57]} 58. Rd8 {[%emt 0:00:58]} Re1 {[%emt 0:01:38]} 59. Kb8 {[%emt 0:00:37]} Rea1 {[%emt 0:00:52]} 60. c8=Q {[%emt 0:00:28]} Ra8+ {[%emt 0:00:02]} 61. Kb7 {[%emt 0:00:31]} R1a7+ {[%emt 0:00:09]} 62. Kb6 {[%emt 0:00:20]} Rxc8 {[%emt 0:00:05]} 63. Rxc8 {[%emt 0:00:14]} Re7 {[%emt 0:00:05]} 64. Rc7 {[%emt 0:00:07]} Rxc7 {[%emt 0:00:03]} 65. Kxc7 {[%emt 0:00:06]} Kf6 {[%emt 0:00:02]} 66. Rb5 {[%emt 0:00:58]} g5 {[%emt 0:00:05]} 67. Kd7 {[%emt 0:00:12]} h4 {[%emt 0:00:06]} 68. gxh4 {[%emt 0:00:16]} gxh4 {[%emt 0:00:08]} 69. Rh5 {[%emt 0:00:08]} 1-0

[Event "68th Warsaw-ch-A 2019"]
[Site "Warsaw"]
[Date "2019.11.17"]
[Round "6.12"]
[White "Korcz, Daniel"]
[Black "Piotrowski, Arkadiusz"]
[Result "1-0"]
[WhiteElo "1807"]
[BlackElo "1962"]
[Annotator "NA RC"]
[PlyCount "139"]
[EventDate "2019.11.14"]
[EventType "swiss"]
[EventCountry "POL"]
[SourceTitle "playchess.com"]
[Source "ChessBase"]
[SourceQuality "1"]
[TimeControl "5400+30"]

1. e4 c5 2. Nf3 d6 3. d4 cxd4 4. Nxd4 Nf6 5. f3 g6 6. c4 Bg7 7. Be3 Nc6 8. Nc3 Bd7 9. Qd2 h5 10. Nc2 Qa5 11. a3 O-O 12. b4 Qd8 13. Be2 Re8 14. O-O Rc8 15. Rac1 Ne5 16. c5 dxc5 17. Bxc5 b6 18. Be3 Nc4 19. Bxc4 Rxc4 20. Nd4 Qc8 21. Ncb5 Rxc1 22. Rxc1 Qb8 23. Nc6 Bxc6 24. Rxc6 Rd8 25. Qc2 Qe5 26. Rc8 Qa1+ 27. Qc1 Qxc1+ 28. Rxc1 Rd3 29. Kf2 a6 30. Rc8+ Kh7 31. Nc7 Rxa3 32. Bxb6 Nd7 33. Ba5 Ra2+ 34. Kg3 Be5+ 35. Kh3 Nf6 36. Nxa6 g5 37. Rc5 g4+ 38. fxg4 hxg4+ 39. Kh4 Bd6 40. Rf5 Rxg2 41. e5 Rxh2+ 42. Kg3 Rh3+ 43. Kg2 Kg6 44. Rxf6+ exf6 45. exd6 Rd3 46. Bc7 f5 47. Nc5 Rd2+ 48. Kf1 Kf6 49. Bd8+ Ke5 50. d7 Rd1+ 51. Ke2 Rd5 52. Bc7+ Kd4 53. d8=Q Rxd8 54. Bxd8 Kc4 55. Nd3 f4 56. Be7 f3+ 57. Kf2 f5 58. Nf4 Kb5 59. Bd6 Kc4 60. Kg3 Kb5 61. Nd3 Kc4 62. Nf2 Kb5 63. Kf4 Kc4 64. Nh1 Kb5 65. Bf8 Kc4 66. Ng3 Kb5 67. Kxf5 f2 68. Kxg4 Kc4 69. Kf3 f1=Q+ 70. Nxf1 1-0

[Event "68th Warsaw-ch-A 2019"]
[Site "Warsaw"]
[Date "2019.11.17"]
[Round "6.13"]
[White "Spicak, Krzysztof"]
[Black "Siekierski, Pawel"]
[Result "0-1"]
[WhiteElo "1874"]
[BlackElo "1959"]
[Annotator "NA RC"]
[PlyCount "98"]
[EventDate "2019.11.14"]
[EventType "swiss"]
[EventCountry "POL"]
[SourceTitle "playchess.com"]
[Source "ChessBase"]
[SourceQuality "1"]
[TimeControl "5400+30"]

1. e4 d5 2. e5 d4 3. Bc4 e6 4. f4 Bd7 5. a4 Nh6 6. Nf3 Bc5 7. c3 dxc3 8. bxc3 O-O 9. d4 Be7 10. O-O c5 11. d5 exd5 12. Bxd5 Nc6 13. c4 Bg4 14. Nc3 Nf5 15. h3 Bxf3 16. Qxf3 Nfd4 17. Qd1 Kh8 18. Be4 f5 19. exf6 gxf6 20. Bxh7 Kxh7 21. Qh5+ Kg7 22. f5 Nxf5 23. Rxf5 Qd4+ 24. Rf2 Rh8 25. Qg4+ Qxg4 26. hxg4 Rh4 27. Bf4 Rah8 28. Rff1 Rxg4 29. g3 Nd4 30. Rae1 Bd8 31. Nd5 Rg6 32. Kg2 Kf7 33. Rh1 Rhg8 34. Rh7+ R6g7 35. Rh5 Re8 36. Rxe8 Kxe8 37. Rh8+ Kd7 38. Bh6 Rf7 39. Be3 Bc7 40. Ra8 a6 41. g4 Be5 42. Bxd4 cxd4 43. Kf3 Rh7 44. a5 Rh3+ 45. Ke4 d3 46. Nb6+ Ke7 47. Ra7 d2 48. Rxb7+ Kd6 49. Nd5 d1=Q 0-1